Score 0/9 Timer 00:30
18 Plays Today
% Correct
Sweden
92.5%
Russia
90.2%
Poland
88.9%
Finland
88.7%
Denmark
88.6%
Estonia
85.9%
Latvia
83.6%
Germany
83.4%
Lithuania
83.3%
Remove Ads.
Support Sporcle.
Get the best of Sporcle when you Go Orange. This ad-free experience offers more features, more stats, and more fun while also helping to support Sporcle. Thank you for becoming a member.

You're not logged in!

Compare scores with friends on all Sporcle quizzes.
OR
Log In

Show Comments

Extras

Top Quizzes Today


Score Distribution

Your Account Isn't Verified!

In order to create a playlist on Sporcle, you need to verify the email address you used during registration. Go to your Sporcle Settings to finish the process.

Report this User

Report this user for behavior that violates our Community Guidelines.

Details: